00833cam a2200205 a 450000100100000000500170001000800410002704000300006808200150009810000370011324500390015026000800018930000380026950400500030765100910035791000340044804900090048295201190049199900170061000001585820200929164159.0750320s1974 ve a 000 0 spa  aDO-SdBNPbspacDLCdBNPHU annnbG767L1 aGrases, Pedro,d1909-200492330610aLibros y libertad /cPedro Grases. aCaracas, Venezuela :bEdiciones De La Presidencia de la República,c1974. axix, 263 p. :bfacsims. ;c22 cm. aIncluye referencias bibliográficas (p. 56). 4aVenezuelaxHistoriayGUERRA DE INDEPENDENCIA, 1810-1823xSourcesvBibliography.935693 aCatalogación por copia / LC aBNGR 001052708MOaGRbGRcCTd2010-02-19iLF1l0onnn G767Lp15858-10r2020-06-25w2020-06-25y2ZPréstamo interno c15401d15401